The Nuts & Bolts of CRM (Record no. 2122)

MARC details
000 -LEADER
fixed length control field 00370nam a22001697a 4500
005 - DATE AND TIME OF LATEST TRANSACTION
control field 20160530111808.0
008 - FIXED-LENGTH DATA ELEMENTS--GENERAL INFORMATION
fixed length control field 160530b xxu||||| |||| 00| 0 eng d
020 ## - INTERNATIONAL STANDARD BOOK NUMBER
ISBN 0-07-049964-0
041 ## - LANGUAGE CODE
Language code of text/sound track or separate title eng
082 ## - DEWEY DECIMAL CLASSIFICATION NUMBER
Item number 6020
100 ## - MAIN ENTRY--AUTHOR NAME
Personal name Nath Dhruv
245 ## - TITLE STATEMENT
Title The Nuts & Bolts of CRM
260 ## - PUBLICATION, DISTRIBUTION, ETC. (IMPRINT)
Name of publisher TMH
300 ## - PHYSICAL DESCRIPTION
Number of Pages 204
650 ## - SUBJECT ADDED ENTRY--TOPICAL TERM
Topical Term Management
942 ## - ADDED ENTRY ELEMENTS (KOHA)
Koha item type Books
Holdings
Lost status Damaged status Collection code Home library Current library Shelving location Date acquired Cost, normal purchase price Full call number Accession Number Koha item type
    MANAGEMENT JRU Library JRU Library SHELF- 66 L 30/05/2016 225.00 6020 6020 Books
    MANAGEMENT JRU Library JRU Library SHELF- 66 L 30/05/2016 225.00 6020 6021 Books
    MANAGEMENT JRU Library JRU Library SHELF- 66 L 30/05/2016 225.00 6020 6022 Books
    MANAGEMENT JRU Library JRU Library SHELF-39-H 08/05/2024   6020   Books